|
|
|
|
| LEADER |
00000nam a22000007a 4500 |
| 005 |
20190514222433.0 |
| 007 |
cr|||| |||| |
| 008 |
190514s2011 co |||||s|||| 00||0 spa d |
| 020 |
|
|
|a 978-958-695-635-2
|
| 035 |
|
|
|a 23360
|
| 040 |
|
|
|a vLex
|
| 090 |
|
|
|c 8699
|d 8699
|
| 100 |
1 |
|
|a Lp̤ez Uribe, Mara̕ del Pilar
|
| 245 |
1 |
0 |
|a Salarios, vida cotidiana y condiciones de vida en Bogot ̀durante la primera mitad del siglo XX
|h [Recurso electrn̤ico] /
|c Mara̕ del Pilar Lp̤ez Uribe
|
| 256 |
|
|
|a Servicio en ln̕ea
|
| 260 |
|
|
|a Bogot:̀
|b Universidad de Los Andes (Colombia),
|c 2011
|
| 300 |
|
|
|a 1 recurso electrn̤ico
|
| 506 |
1 |
|
|a Disponible solo en los productos indicados
|d vLex Global
|d vLex Global (Academic Edition, excluding Law Schools)
|d vLex Global (U.S. Academic Edition, Law Schools)
|d vLex Global (U.S. Academic Edition, excluding Law Schools)
|d vLex Global (Academic Edition, Law Schools)
|
| 650 |
0 |
4 |
|a Derecho Laboral y Seguridad Social
|z Colombia
|
| 740 |
0 |
|
|a vLex Libros (Servicio en ln̕ea)
|
| 856 |
4 |
0 |
|u http://vlex.com/source/salarios-vida-cotidiana-condiciones-vida-bogota-primera-mitad-siglo-xx-23360
|z Acceso restringido
|
| 942 |
|
|
|c BOOK
|
| 999 |
0 |
|
|a Labor law and social security
|